| 000 | 00498nam a22001937a 4500 | ||
|---|---|---|---|
| 003 | OSt | ||
| 005 | 20240516170121.0 | ||
| 008 | 240516b |||||||| |||| 00| 0 eng d | ||
| 020 | _a0521408717 | ||
| 040 | _cDDC | ||
| 082 |
_2Second Edition, _a520 HEN 1996. |
||
| 100 | _4Marten Micheal and Henbest Nigel | ||
| 245 | _aThe New Astronomy | ||
| 260 |
_aNY, _bCambridge University, _c1996. |
||
| 300 |
_a240P; _bcol,ill _c27.4cm |
||
| 504 | _aIndex | ||
| 650 |
_aPhysics _9809 |
||
| 942 |
_2ddc _cO_SHELF |
||
| 999 |
_c8337 _d8337 |
||